[Event "26th EUR-ch"]
[Site "Katowice POL"]
[Date "2026.04.19"]
[Round "11.84"]
[White "Nemec, Jachym"]
[Black "Zawadzka, Jolanta"]
[Result "1/2-1/2"]
[WhiteElo "2482"]
[BlackElo "2324"]
[EventDate "2026.04.07"]
[PlyCount "130"]

1.c4 e6 2.g3 d5 3.Bg2 Nf6 4.Nf3 Be7 5.O-O O-O 6.b3 a5 7.Nc3 b6 8.Bb2 Bb7 
9.e3 Nbd7 10.Qe2 a4 11.Rab1 axb3 12.axb3 Nc5 13.Ba1 dxc4 14.bxc4 Qd3 15.
Ne5 Qxe2 16.Nxe2 Bxg2 17.Kxg2 Ra2 18.Nc6 Bd6 19.Bc3 Nfe4 20.Rfd1 Nd3 21.f3
Nxc3 22.Nxc3 Rb2 23.Kf1 Ra8 24.Ke2 Rxb1 25.Rxb1 Ne5 26.Nxe5 Bxe5 27.d4 Bf6
28.f4 h5 29.Rb5 g6 30.c5 bxc5 31.Rxc5 Ra7 32.Kf3 Be7 33.Rc6 Rb7 34.h3 Kf8 
35.g4 hxg4+ 36.hxg4 Ke8 37.Ne4 Kd7 38.Rc2 Rb3 39.g5 Ba3 40.Nf6+ Kd8 41.Ke4
Rb2 42.Rc1 Rb8 43.Ra1 Bd6 44.Ra5 Ke7 45.Ng4 Rh8 46.Ra7 Kd7 47.Rb7 Rh4 48.
Nf6+ Kc6 49.Rb8 Be7 50.Rg8 Bxf6 51.gxf6 Kd6 52.Rg7 g5 53.Rxf7 gxf4 54.exf4
Rh5 55.Rf8 Kd7 56.Kf3 Rf5 57.Kg3 c5 58.dxc5 Rxc5 59.Rf7+ Kd6 60.Ra7 Rf5 
61.f7 Kc6 62.Kf3 Kd6 63.Ke4 Rf6 64.Ra6+ Ke7 65.Ra7+ Kd6 1/2-1/2

[Event "26th EUR-ch"]
[Site "Katowice POL"]
[Date "2026.04.19"]
[Round "11.86"]
[White "Ilinca, Felix-Antonio"]
[Black "Lyakh, Vasiliy"]
[Result "1/2-1/2"]
[WhiteElo "2481"]
[BlackElo "2314"]
[EventDate "2026.04.07"]
[PlyCount "179"]

1.d4 Nf6 2.c4 e6 3.Nf3 d5 4.Nc3 Be7 5.cxd5 exd5 6.Bf4 c6 7.h3 Bf5 8.g4 Be4
9.e3 Qb6 10.Nxe4 Nxe4 11.Bd3 Qxb2 12.O-O Nc3 13.Qd2 Qxd2 14.Nxd2 Nd7 15.
Rfc1 Bb4 16.a3 Ne2+ 17.Bxe2 Bxd2 18.Rc2 Ba5 19.Rb1 Bb6 20.a4 Rc8 21.a5 Bc7
22.a6 Bxf4 23.axb7 Rd8 24.exf4 Nb8 25.Ra2 Kd7 26.Rxa7 Rhe8 27.Bd3 h6 28.
Kg2 Re7 29.Kf1 Kc7 30.Ra8 Rde8 31.Ra7 Kd6 32.h4 Kc7 33.h5 Kd6 34.Ra2 Kc7 
35.Bf5 Rd8 36.Rba1 Nd7 37.Rb1 Rb8 38.Rab2 Nf6 39.Bc8 Ne8 40.Rc1 Nd6 41.
Rbc2 Nc4 42.Rxc4 dxc4 43.f3 Kd6 44.Rxc4 Rbxb7 45.Bxb7 Rxb7 46.Kf2 Rb3 47.
Ra4 Rb7 48.Ra5 Re7 49.Re5 Ra7 50.Re8 f6 51.Rd8+ Ke7 52.Rg8 Ke6 53.Ke3 Re7 
54.Rd8 Ra7 55.Ke4 Re7 56.Kd3 Rd7 57.Ra8 c5 58.Ra6+ Kf7 59.Ra4 cxd4 60.Rxd4
Re7 61.Re4 Ra7 62.Ke3 Ra3+ 63.Kf2 Ra5 64.Kg3 Rb5 65.Ra4 Rc5 66.Ra7+ Kf8 
67.Kf2 Rc3 68.Ra5 Kf7 69.Kg3 Rc1 70.g5 hxg5 71.fxg5 fxg5 72.Rxg5 Rc4 73.
Rg4 Rc5 74.Rf4+ Kg8 75.Kg4 Kh7 76.Ra4 Rc6 77.f4 g6 78.Ra8 Kg7 79.hxg6 Kxg6
80.Rg8+ Kf7 81.Rg5 Rg6 82.Kf5 Rxg5+ 83.Kxg5 Kg7 84.Kf5 Kf7 85.Ke5 Ke7 86.
f5 Kf7 87.f6 Kf8 88.Ke6 Ke8 89.f7+ Kf8 90.Kf6 1/2-1/2

[Event "26th EUR-ch"]
[Site "Katowice POL"]
[Date "2026.04.19"]
[Round "11.87"]
[White "Kejna, Piotr"]
[Black "Sipila, Vilka"]
[Result "1/2-1/2"]
[WhiteElo "2311"]
[BlackElo "2479"]
[EventDate "2026.04.07"]
[PlyCount "95"]

1.e4 e6 2.d4 d5 3.Nc3 Bb4 4.e5 c5 5.a3 Bxc3+ 6.bxc3 Ne7 7.h4 Qc7 8.h5 h6 
9.Rb1 Nbc6 10.Qg4 Bd7 11.Nf3 O-O-O 12.Bd3 c4 13.Bf1 f6 14.Bf4 Qa5 15.Kd2 
Rhg8 16.Bh2 g5 17.exf6 e5 18.fxe7 Bxg4 19.exd8=Q+ Rxd8 20.Nxe5 Nxe5 21.
Bxe5 Qxa3 22.f3 Bf5 23.g4 Bh7 24.f4 Be4 25.Rg1 Rd6 26.Bg2 Rb6 27.Rxb6 axb6
28.Bxe4 dxe4 29.Re1 gxf4 30.Bxf4 b5 31.Rb1 Qf8 32.Ke3 Qg8 33.Rg1 Qe6 34.g5
Qh3+ 35.Kxe4 hxg5 36.Rxg5 Qxc3 37.Rg2 Qh3 38.Rg8+ Kd7 39.Rg7+ Ke8 40.h6 
Qe6+ 41.Kf3 Qh3+ 42.Ke2 Qh5+ 43.Ke3 Qh3+ 44.Rg3 Qe6+ 45.Kd2 Qf7 46.Ke3 
Qe6+ 47.Kd2 Qf7 48.Ke3 1/2-1/2

[Event "26th EUR-ch"]
[Site "Katowice POL"]
[Date "2026.04.19"]
[Round "11.88"]
[White "Zakin, Ilay"]
[Black "Blomqvist, Erik"]
[Result "1/2-1/2"]
[WhiteElo "2330"]
[BlackElo "2463"]
[EventDate "2026.04.07"]
[PlyCount "81"]

1.e4 c5 2.Nf3 e6 3.d4 cxd4 4.Nxd4 Nc6 5.Nc3 a6 6.Be3 Nf6 7.Bd3 e5 8.Nf5 g6
9.Ng3 d5 10.Bg5 dxe4 11.Ngxe4 Be7 12.Qf3 Nxe4 13.Bxe7 Qxe7 14.Bxe4 Nd4 15.
Qe3 Be6 16.O-O-O O-O-O 17.Rhe1 Qc7 18.g3 Kb8 19.Bg2 f6 20.f4 Bf5 21.Be4 
Bg4 22.Rd3 exf4 23.Qg1 f5 24.Rxd4 fxe4 25.Rexe4 Rxd4 26.Rxd4 Re8 27.Rxf4 
Bf5 28.Qf2 Qe5 29.g4 Bc8 30.Re4 Qg5+ 31.Qd2 Qxd2+ 32.Kxd2 Rf8 33.Nd1 h5 
34.gxh5 gxh5 35.Rh4 Rd8+ 36.Ke1 Re8+ 37.Kf2 Rf8+ 38.Ke1 Re8+ 39.Kf2 Rf8+ 
40.Kg3 Rg8+ 41.Kf2 1/2-1/2

[Event "26th EUR-ch"]
[Site "Katowice POL"]
[Date "2026.04.19"]
[Round "11.89"]
[White "Brzezina, Piotr"]
[Black "Sousa, Andre Ventura"]
[Result "1/2-1/2"]
[WhiteElo "2327"]
[BlackElo "2447"]
[EventDate "2026.04.07"]
[PlyCount "116"]

1.e4 c6 2.d4 d5 3.exd5 cxd5 4.c4 Nf6 5.Nc3 Nc6 6.Bg5 dxc4 7.d5 Ne5 8.Nf3 
Nxf3+ 9.Qxf3 h6 10.Bd2 Bg4 11.Qf4 g5 12.Qxc4 Bg7 13.h4 gxh4 14.Rxh4 h5 15.
Qa4+ Kf8 16.f3 Bf5 17.Qb3 Nd7 18.O-O-O Nc5 19.Qb4 Rc8 20.Be3 Qd6 21.Rc4 b6
22.Qa3 Qe5 23.Bd2 a5 24.Re1 Qd6 25.Kd1 Rd8 26.Bf4 Qg6 27.Rxc5 bxc5 28.Qxa5
Rc8 29.Qa7 Bf6 30.Ne4 Bxe4 31.Rxe4 Kg7 32.Qb7 c4 33.a4 Rhd8 34.Bc7 Rxc7 
35.Qxc7 Rxd5+ 36.Kc2 Rd4 37.Qc6 c3 38.bxc3 Rd2+ 39.Kb3 Rf2 40.Be2 Qg5 41.
Qb5 Qc1 42.Qd3 Rxg2 43.a5 Rg5 44.a6 Ra5 45.Ra4 Bxc3 46.Rxa5 Qb2+ 47.Kc4 
Qb4+ 48.Kd5 Qxa5+ 49.Kc6 Qa4+ 50.Kb7 Bd4 51.Qf5 Qb4+ 52.Bb5 Qc5 53.Qxc5 
Bxc5 54.Kc6 Ba7 55.Kd5 Kg6 56.Ke4 f5+ 57.Ke5 h4 58.Bd3 Bb8+ 1/2-1/2

[Event "26th EUR-ch"]
[Site "Katowice POL"]
[Date "2026.04.19"]
[Round "11.90"]
[White "Paikens, Reinis"]
[Black "Sanikidze, Tornike"]
[Result "1/2-1/2"]
[WhiteElo "2302"]
[BlackElo "2432"]
[EventDate "2026.04.07"]
[PlyCount "37"]

1.c4 e6 2.Nf3 Nf6 3.g3 d5 4.Bg2 dxc4 5.Qa4+ Nbd7 6.Qxc4 a6 7.d4 c5 8.O-O 
b5 9.Qc2 Bb7 10.a4 Rc8 11.axb5 axb5 12.dxc5 Bxc5 13.Qd3 b4 14.Nbd2 O-O 15.
Nb3 Be4 16.Qb5 Bc6 17.Qd3 Be4 18.Qb5 Bc6 19.Qd3 1/2-1/2

[Event "26th EUR-ch"]
[Site "Katowice POL"]
[Date "2026.04.19"]
[Round "11.91"]
[White "Nakonechnyi, Oleksii"]
[Black "Johansson, Linus"]
[Result "1/2-1/2"]
[WhiteElo "2297"]
[BlackElo "2425"]
[EventDate "2026.04.07"]
[PlyCount "151"]

1.c4 e6 2.g3 d5 3.Bg2 Nf6 4.Nf3 Be7 5.O-O O-O 6.b3 d4 7.e3 c5 8.Ne5 Nbd7 
9.exd4 cxd4 10.Nxd7 Nxd7 11.Ba3 a5 12.d3 Ra6 13.Re1 Re8 14.Bxe7 Rxe7 15.
Na3 e5 16.Nb5 Nc5 17.Qe2 h5 18.Bd5 Bg4 19.Qd2 Rf6 20.f4 exf4 21.Nxd4 fxg3 
22.hxg3 Ne6 23.Qe3 Rd7 24.Nxe6 Bxe6 25.Be4 Bf5 26.Bd5 Be6 27.Be4 Rh6 28.
Qf2 h4 29.gxh4 Rxh4 30.Re3 Rg4+ 31.Rg3 Rxg3+ 32.Qxg3 f5 33.Bf3 Rxd3 34.Re1
Qd4+ 35.Kg2 Rd2+ 36.Kh1 Bf7 37.Bxb7 Rxa2 38.Bg2 Ra1 39.Rxa1 Qxa1+ 40.Kh2 
Qd4 41.Qb8+ Kh7 42.Qc7 Qh4+ 43.Kg1 Qe1+ 44.Kh2 Be6 45.Qf4 Kg6 46.Qd4 Kf7 
47.c5 Qb4 48.Qe5 g5 49.Kh1 Qh4+ 50.Kg1 Qf4 51.Qc3 Qb4 52.Qe5 Qf4 53.Qc3 
Qb4 54.Qe5 Qxb3 55.c6 Qd1+ 56.Kh2 Qh5+ 57.Kg1 Qd1+ 58.Kh2 a4 59.c7 Qc2 60.
Kg1 Qc1+ 61.Kf2 Qd2+ 62.Kg1 Qd7 63.Qh8 Kg6 64.Qd8 a3 65.Bd5 Qxd5 66.Qxd5 
Bxd5 67.c8=Q a2 68.Qe8+ Bf7 69.Qe5 f4 70.Kg2 g4 71.Kf2 Bd5 72.Qd6+ Kg7 73.
Qc7+ Kg6 74.Qd6+ Kg7 75.Qe5+ Kg6 76.Qd6+ 1/2-1/2

[Event "26th EUR-ch"]
[Site "Katowice POL"]
[Date "2026.04.19"]
[Round "11.92"]
[White "Tadic, Stefan"]
[Black "Rekuc, Patryk"]
[Result "1-0"]
[WhiteElo "2421"]
[BlackElo "2280"]
[EventDate "2026.04.07"]
[PlyCount "67"]

1.d4 Nf6 2.Nf3 e6 3.Bg5 h6 4.Bh4 b6 5.Nbd2 Bb7 6.e3 d6 7.Bd3 g5 8.Bg3 Nbd7
9.h3 Bg7 10.Qe2 Qe7 11.Ba6 Bxa6 12.Qxa6 O-O 13.O-O-O Rfc8 14.e4 Nf8 15.h4 
Nh5 16.hxg5 Nxg3 17.fxg3 hxg5 18.e5 g4 19.Nh2 Qg5 20.Qe2 dxe5 21.Nxg4 exd4
22.Rh5 Qe7 23.Nh6+ Bxh6 24.Rxh6 Qg5 25.Rdh1 Ng6 26.Kb1 d3 27.cxd3 Rd8 28.
Ne4 Qb5 29.Qg4 Qxd3+ 30.Ka1 Kf8 31.Rxg6 fxg6 32.Qf4+ Ke8 33.Nf6+ Kf8 34.
Rh8+ 1-0

[Event "26th EUR-ch"]
[Site "Katowice POL"]
[Date "2026.04.19"]
[Round "11.93"]
[White "Szakmary, Domonkos"]
[Black "Govciyan, Pavel"]
[Result "0-1"]
[WhiteElo "2278"]
[BlackElo "2420"]
[EventDate "2026.04.07"]
[PlyCount "86"]

1.e4 g6 2.d4 Bg7 3.Nc3 d6 4.Be3 c6 5.f4 b5 6.a3 Bb7 7.Bd3 Nd7 8.Nf3 a5 9.
O-O b4 10.Ne2 Ngf6 11.c4 bxc3 12.bxc3 O-O 13.Qe1 c5 14.e5 Ng4 15.Bc1 dxe5 
16.Qh4 e4 17.Ng5 Ngf6 18.Bc4 h6 19.Ne6 fxe6 20.Bxe6+ Rf7 21.f5 g5 22.Bxg5 
hxg5 23.Qxg5 cxd4 24.Nf4 Ne5 25.Rab1 Ba6 26.Ng6 Qd6 27.Rf4 Nxg6 28.Bxf7+ 
Kxf7 29.fxg6+ Kg8 30.cxd4 Bd3 31.Rc1 Qxd4+ 32.Kh1 Qe3 33.Rg1 e5 34.Qxe5 
Re8 35.Qd6 Qa7 36.Rc1 Qe7 37.Qb6 Qxa3 38.Qc6 Bh6 39.Rc3 Qa1+ 40.Rc1 Qa3 
41.Rc3 Qa2 42.Qc7 Bxf4 43.Qxf4 e3 0-1

[Event "26th EUR-ch"]
[Site "Katowice POL"]
[Date "2026.04.19"]
[Round "11.94"]
[White "Szczurek, Krzysztof"]
[Black "Injac, Teodora"]
[Result "0-1"]
[WhiteElo "2273"]
[BlackElo "2410"]
[EventDate "2026.04.07"]
[PlyCount "114"]

1.e4 c6 2.d4 d5 3.f3 e6 4.Nc3 Nd7 5.Be3 Bb4 6.Bd3 Ne7 7.Ne2 dxe4 8.fxe4 e5
9.O-O O-O 10.Kh1 exd4 11.Nxd4 Ne5 12.Nf5 Nxd3 13.cxd3 Bxf5 14.exf5 Nd5 15.
Nxd5 Qxd5 16.Qg4 Bd6 17.f6 g6 18.Bf4 Rfe8 19.Bxd6 Qxd6 20.Qh4 Re5 21.Qh6 
Qf8 22.Qf4 Rae8 23.d4 Re4 24.Qg3 h6 25.Qb3 Qd6 26.Rad1 Re3 27.Rd3 Qxf6 28.
Qd1 Rxd3 29.Qxd3 Qe6 30.Qf3 Re7 31.b3 Rd7 32.Qf4 Kg7 33.h3 Rd5 34.Qb8 Qe2 
35.Rf4 Rg5 36.Rg4 Rf5 37.Rf4 Rg5 38.Rg4 Rf5 39.Rf4 Rxf4 40.Qxf4 Qxa2 41.
Qe5+ Kh7 42.d5 Qa5 43.Qe7 Qxd5 44.Qxb7 a5 45.Qb6 Qb5 46.Qe3 a4 47.bxa4 
Qxa4 48.g4 Qd1+ 49.Kh2 Qd5 50.h4 c5 51.g5 Qd4 52.Qxd4 cxd4 53.Kg3 Kg7 54.
Kf4 f5 55.gxf6+ Kxf6 56.Ke4 h5 57.Kxd4 Kf5 0-1

[Event "26th EUR-ch"]
[Site "Katowice POL"]
[Date "2026.04.19"]
[Round "11.95"]
[White "Agdelen, Huseyin Can"]
[Black "Jarocka, Liwia"]
[Result "1/2-1/2"]
[WhiteElo "2405"]
[BlackElo "2272"]
[EventDate "2026.04.07"]
[PlyCount "153"]

1.e4 d6 2.d4 Nf6 3.Nc3 e5 4.Nf3 Nbd7 5.Rg1 g6 6.Be3 c6 7.g4 h5 8.h3 hxg4 
9.hxg4 Nb6 10.dxe5 Nxg4 11.Bg5 Be7 12.Bxe7 Kxe7 13.exd6+ Qxd6 14.Qxd6+ 
Kxd6 15.Be2 Ke7 16.a4 a5 17.Ra3 Nf6 18.Rb3 Nbd7 19.e5 Nh5 20.Ne4 Nf4 21.
Bc4 Rh5 22.Ng3 Rh8 23.Ng5 Nxe5 24.Re3 f6 25.Nf7 Rh4 26.Nxe5 fxe5 27.Rxe5+ 
Kf6 28.Re4 Bf5 29.Nxf5 gxf5 30.Re3 Ng2+ 31.Rxg2 Rxc4 32.c3 Rxa4 33.Kd2 Rf4
34.Rd3 Re8 35.Rd7 b5 36.Rh2 Re6 37.Rd3 Rg4 38.Rh6+ Rg6 39.Rh8 Kg5 40.Rg3+ 
Kf4 41.Rgh3 a4 42.R8h4+ Rg4 43.Rh5 Rd6+ 44.Kc2 Ke5 45.Rd3 Rxd3 46.Kxd3 Rg1
47.Rh6 Rd1+ 48.Ke3 Rb1 49.Rxc6 f4+ 50.Kd3 Rxb2 51.Rc5+ Ke6 52.Kd4 a3 53.f3
a2 54.Rc6+ Kf5 55.Ra6 Kg5 56.Ke4 Re2+ 57.Kd3 Re3+ 58.Kd4 Rxf3 59.Rxa2 Kg4 
60.Rb2 Rf1 61.Rxb5 Rd1+ 62.Ke4 Re1+ 63.Kd4 f3 64.Rb2 Rd1+ 65.Ke5 Rc1 66.
Kd4 Kg3 67.c4 f2 68.Rxf2 Kxf2 69.c5 Kf3 70.Kd5 Kf4 71.c6 Kf5 72.Kd6 Kf6 
73.c7 Kf7 74.Kd7 Rd1+ 75.Kc6 Rc1+ 76.Kd7 Rxc7+ 77.Kxc7 1/2-1/2

[Event "26th EUR-ch"]
[Site "Katowice POL"]
[Date "2026.04.19"]
[Round "11.96"]
[White "Cukrowski, Filip"]
[Black "Veljanoski, Andrej"]
[Result "1/2-1/2"]
[WhiteElo "2400"]
[BlackElo "2255"]
[EventDate "2026.04.07"]
[PlyCount "115"]

1.d4 d5 2.c4 e6 3.Nf3 Nf6 4.Nc3 c6 5.e3 Nbd7 6.Qc2 Bd6 7.Bd3 O-O 8.O-O 
dxc4 9.Bxc4 e5 10.Rd1 Qe7 11.h3 a5 12.a4 h6 13.Nh4 Nb6 14.Ng6 Qc7 15.Bb3 
Re8 16.dxe5 Bxe5 17.Nxe5 Qxe5 18.f4 Qe7 19.e4 Be6 20.Bxe6 Qxe6 21.e5 Nfd5 
22.Ne4 Nb4 23.Qf2 Qb3 24.Be3 Nc4 25.Bd4 b6 26.Bc3 Nd5 27.Qg3 Nxc3 28.bxc3 
Red8 29.Re1 Qc2 30.f5 Rd3 31.Qf4 Re8 32.Nf6+ gxf6 33.exf6 Rxe1+ 34.Rxe1 
Qd2 35.Qg4+ Qg5 36.Qxc4 Re3 37.Rxe3 Qxe3+ 38.Kf1 Qc1+ 39.Kf2 Qc2+ 40.Kg3 
Qxf5 41.Qxc6 Kh7 42.Qxb6 Qe5+ 43.Kf2 Qxc3 44.Qb1+ Kh8 45.Qb8+ Kh7 46.Qf4 
Kg6 47.Qg3+ Qxg3+ 48.Kxg3 Kxf6 49.Kf4 Kg6 50.g4 f6 51.Kg3 Kg5 52.h4+ Kg6 
53.Kf4 h5 54.Kf3 hxg4+ 55.Kxg4 f5+ 56.Kf4 Kh5 57.Kxf5 Kxh4 58.Ke4 1/2-1/2

[Event "26th EUR-ch"]
[Site "Katowice POL"]
[Date "2026.04.19"]
[Round "11.97"]
[White "Kanov, Nikola"]
[Black "Maltezeanu, Stefan"]
[Result "1/2-1/2"]
[WhiteElo "2398"]
[BlackElo "2245"]
[EventDate "2026.04.07"]
[PlyCount "63"]

1.e4 c5 2.Nf3 d6 3.d4 cxd4 4.Nxd4 Nf6 5.Nc3 Nc6 6.Bg5 e6 7.Qd2 a6 8.O-O-O 
Bd7 9.f4 Be7 10.Nf3 b5 11.e5 b4 12.exf6 bxc3 13.Qxc3 gxf6 14.Bh4 Rg8 15.
Kb1 Rb8 16.g3 a5 17.Be2 a4 18.Nd4 Qb6 19.Nxc6 Bxc6 20.Rhe1 f5 21.Bxe7 Kxe7
22.Bd3 Rgc8 23.Qg7 Bd5 24.Rd2 Qb4 25.c3 Rxc3 26.Bxf5 a3 27.Rde2 Qxb2+ 28.
Rxb2 Rxb2+ 29.Ka1 Rxa2+ 30.Kb1 Rb2+ 31.Ka1 Ra2+ 32.Kb1 1/2-1/2

[Event "26th EUR-ch"]
[Site "Katowice POL"]
[Date "2026.04.19"]
[Round "11.98"]
[White "Balacek, Tadeas"]
[Black "Smietanska, Wiktoria"]
[Result "1-0"]
[WhiteElo "2396"]
[BlackElo "2248"]
[EventDate "2026.04.07"]
[PlyCount "85"]

1.d4 d5 2.c4 dxc4 3.e3 Nf6 4.Bxc4 e6 5.Nf3 c5 6.O-O a6 7.Nbd2 Nc6 8.dxc5 
Bxc5 9.b3 O-O 10.Bb2 Qe7 11.Rc1 Ba3 12.Qc2 Rd8 13.Rfd1 Bd7 14.Bf1 b5 15.
Bxa3 Qxa3 16.Ne4 Nd5 17.Neg5 g6 18.e4 Ndb4 19.Qd2 Be8 20.Qf4 h6 21.Nxf7 
Bxf7 22.Qxh6 Qb2 23.a3 Na2 24.Ng5 Qf6 25.Rxd8+ Nxd8 26.Rc7 b4 27.axb4 Qg7 
28.Qh4 Nxb4 29.Bc4 Qa1+ 30.Bf1 Qg7 31.Nxf7 Nxf7 32.Qe7 a5 33.Qxe6 Rf8 34.
h4 Kh8 35.Qe7 Qh6 36.g3 Nd8 37.Qe5+ Kg8 38.Bc4+ Nf7 39.Rxf7 Rxf7 40.Qe8+ 
Qf8 41.Bxf7+ Kg7 42.Qxf8+ Kxf8 43.Bxg6 1-0

[Event "26th EUR-ch"]
[Site "Katowice POL"]
[Date "2026.04.19"]
[Round "11.99"]
[White "Djurovic, Peko"]
[Black "Kiolbasa, Oliwia"]
[Result "1/2-1/2"]
[WhiteElo "2191"]
[BlackElo "2394"]
[EventDate "2026.04.07"]
[PlyCount "95"]

1.e4 e5 2.Nf3 Nc6 3.Bb5 a6 4.Ba4 Nge7 5.O-O Ng6 6.c3 d5 7.exd5 Qxd5 8.d4 
Bg4 9.Bb3 Bxf3 10.Bxd5 Bxd1 11.Rxd1 Nge7 12.dxe5 O-O-O 13.Bb3 Rxd1+ 14.
Bxd1 Nxe5 15.Nd2 Nd5 16.Nf3 Bd6 17.Nxe5 Bxe5 18.Bb3 Rd8 19.Bd2 b5 20.Rd1 
Nf6 21.f4 Bd6 22.Kf2 c5 23.Kf3 c4 24.Bc2 Bc5 25.Bc1 Rxd1 26.Bxd1 Kc7 27.g4
Kd6 28.Bc2 g6 29.f5 a5 30.h4 b4 31.Bf4+ Kc6 32.Ba4+ Kd5 33.fxg6 fxg6 34.
Bc7 bxc3 35.bxc3 Bd6 36.Bxa5 Be5 37.Bb4 Bd6 38.Ba5 Be5 39.Bc2 Ke6 40.Be4 
h5 41.gxh5 Nxe4 42.Kxe4 gxh5 43.Kf3 Bf6 44.Kg3 Kd5 45.Bb4 Kc6 46.a4 Kb6 
47.Kh3 Ka6 48.Kg3 1/2-1/2

[Event "26th EUR-ch"]
[Site "Katowice POL"]
[Date "2026.04.19"]
[Round "11.100"]
[White "Sason, Noam"]
[Black "Povshednyi, Ivan"]
[Result "1/2-1/2"]
[WhiteElo "2199"]
[BlackElo "2391"]
[EventDate "2026.04.07"]
[PlyCount "82"]

1.e4 c6 2.d4 d5 3.e5 Bf5 4.c4 e6 5.Nc3 Ne7 6.a3 dxc4 7.Bxc4 Nd7 8.Nge2 Nb6
9.Bb3 Qd7 10.O-O Bg6 11.Ng3 Rd8 12.Be3 Ned5 13.Bg5 Be7 14.Qd2 Bxg5 15.Qxg5
Qe7 16.Qd2 O-O 17.Rac1 Nxc3 18.Qxc3 Nd5 19.Qd2 Qc7 20.Bc2 Ne7 21.Rfd1 Qb6 
22.Bxg6 hxg6 23.Ne4 Nf5 24.Rc4 Qc7 25.g4 b5 26.gxf5 exf5 27.Rc3 fxe4 28.
Qc2 Rfe8 29.Rxc6 Qd7 30.Qxe4 Rxe5 31.dxe5 Qxd1+ 32.Kg2 Rd4 33.Rd6 Rxe4 34.
Rxd1 Rxe5 35.Rd8+ Kh7 36.Rd7 a5 37.Rxf7 Re2 38.b3 Rb2 39.Ra7 b4 40.Rxa5 
Rxb3 41.axb4 Rxb4 1/2-1/2

[Event "26th EUR-ch"]
[Site "Katowice POL"]
[Date "2026.04.19"]
[Round "11.101"]
[White "Lazov, Toni"]
[Black "Kosmas-Lekkas, Dimitrios"]
[Result "1-0"]
[WhiteElo "2389"]
[BlackElo "2195"]
[EventDate "2026.04.07"]
[PlyCount "79"]

1.e4 e6 2.Qe2 c5 3.g3 Nc6 4.Bg2 g6 5.c3 Bg7 6.f4 d6 7.Nf3 Nge7 8.Na3 e5 9.
O-O O-O 10.d3 exf4 11.gxf4 f5 12.Be3 b6 13.Rad1 Ba6 14.c4 Qd7 15.Qf2 Rae8 
16.b3 Bb7 17.Nc2 Nd8 18.Qh4 h6 19.Nd2 Ne6 20.Qg3 Kh7 21.h4 Bh8 22.Rf2 Ng7 
23.Qh3 Qc7 24.Nf1 Bc8 25.Qh2 Ng8 26.Ng3 Nf6 27.Bf3 h5 28.Bc1 Ng4 29.Bxg4 
hxg4 30.h5 gxh5 31.Nxh5 Re6 32.Nf6+ Kg6 33.Nxg4 fxe4 34.Nce3 Nf5 35.Nxf5 
Qh7 36.Nh4+ Kf7 37.f5 Re5 38.dxe4 Rg8 39.Ng6 Qxh2+ 40.Kxh2 1-0

[Event "26th EUR-ch"]
[Site "Katowice POL"]
[Date "2026.04.19"]
[Round "11.103"]
[White "Meirovich, Ilay"]
[Black "Niedbala, Bartlomiej"]
[Result "0-1"]
[WhiteElo "2190"]
[BlackElo "2382"]
[EventDate "2026.04.07"]
[PlyCount "98"]

1.d4 e6 2.Nf3 Nf6 3.c4 c5 4.d5 exd5 5.cxd5 d6 6.Nc3 g6 7.Bf4 a6 8.a4 Bg7 
9.e3 O-O 10.h3 Qe7 11.Be2 Nbd7 12.O-O Ne8 13.Qd2 f5 14.Ng5 Ne5 15.e4 h6 
16.Ne6 Bxe6 17.dxe6 Qxe6 18.Bxh6 Bxh6 19.Qxh6 f4 20.Rad1 Nc7 21.Bg4 Qf6 
22.g3 Rad8 23.Qxf4 Qxf4 24.gxf4 Rxf4 25.f3 Kf8 26.b3 Ke7 27.Kg2 Nc6 28.Ne2
Rff8 29.Kg3 b5 30.axb5 axb5 31.Rd2 Ra8 32.Rfd1 Rfd8 33.f4 Ra3 34.Rd3 Nb4 
35.Rf3 d5 36.exd5 Rxd5 37.Rc1 Kd6 38.Nc3 Rd4 39.f5 gxf5 40.Bxf5 Kc6 41.
Be4+ Kb6 42.Rf8 Rxb3 43.Rb8+ Ka5 44.Ra1+ Na2 45.Kf4 Rxc3 46.Rxa2+ Kb4 47.
Rb7 Nd5+ 48.Kf5 Ne3+ 49.Kf4 Nc4 0-1

[Event "26th EUR-ch"]
[Site "Katowice POL"]
[Date "2026.04.19"]
[Round "11.104"]
[White "Podgorski, Maciej"]
[Black "Hulka, Valentyn"]
[Result "0-1"]
[WhiteElo "2112"]
[BlackElo "2372"]
[EventDate "2026.04.07"]
[PlyCount "92"]

1.e4 c5 2.Nf3 d6 3.d4 cxd4 4.Nxd4 Nf6 5.Nc3 a6 6.g3 e5 7.Nb3 Be7 8.Bg2 O-O
9.O-O b5 10.a4 b4 11.Nd5 Nxd5 12.Qxd5 Ra7 13.Be3 Be6 14.Qd2 Rb7 15.Rfd1 
Qc7 16.Bf1 a5 17.Rac1 Nd7 18.f4 Nf6 19.Bd3 Bd7 20.Ra1 Bc6 21.Qg2 d5 22.
fxe5 Nxe4 23.Nd4 Bc5 24.Bxe4 dxe4 25.Qf2 Bd7 26.Nb3 Bxe3 27.Qxe3 Bg4 28.
Rd2 Qxe5 29.Nd4 f5 30.Rf1 Rbf7 31.c3 bxc3 32.bxc3 Bh3 33.Re1 f4 34.gxf4 
Qxf4 35.Qxf4 Rxf4 36.Rg2 Bxg2 37.Kxg2 Rg4+ 38.Kh3 h5 39.Re3 Rf1 40.c4 Rc1 
41.Nc6 Rf4 42.Ne5 g5 43.Rb3 Rg1 44.Rb8+ Kg7 45.Rb7+ Kf6 46.Nd7+ Kg6 0-1

[Event "26th EUR-ch"]
[Site "Katowice POL"]
[Date "2026.04.19"]
[Round "11.105"]
[White "Laurent-Paoli, Pierre"]
[Black "Pozimski, Szymon"]
[Result "1-0"]
[WhiteElo "2542"]
[BlackElo "2025"]
[EventDate "2026.04.07"]
[PlyCount "113"]

1.e4 e6 2.d4 d5 3.Nc3 dxe4 4.Nxe4 Bd7 5.Nf3 Bc6 6.Bd3 Nd7 7.O-O Ngf6 8.
Ned2 g6 9.Nc4 Bb5 10.a4 Bxc4 11.Bxc4 c6 12.Re1 Nb6 13.Bf1 Bg7 14.a5 Nbd7 
15.c4 O-O 16.a6 b6 17.g3 b5 18.cxb5 cxb5 19.Bxb5 Rb8 20.Bc6 Nd5 21.Bb7 Qf6
22.Kg2 h6 23.Qd3 g5 24.h3 Rfd8 25.Bd2 Bf8 26.Ba5 Nc5 27.Bxd8 Qxd8 28.Qb5 
Nxb7 29.axb7 a6 30.Qxa6 Nb4 31.Qb5 Nc2 32.Rec1 Nxa1 33.Rxa1 Qc7 34.Ra7 Bd6
35.Ra8 Kf8 36.Rxb8+ Qxb8 37.Qd7 Kg7 38.b4 Kf6 39.b5 h5 40.b6 h4 41.g4 Bf4 
42.Kf1 Kg7 43.Qc8 Qd6 44.b8=Q Qxb8 45.Qxb8 Bxb8 46.Ne5 f6 47.Nc6 Bd6 48.b7
Kf7 49.Ke2 Ke8 50.b8=Q+ Bxb8 51.Nxb8 Kd8 52.Nc6+ Kc7 53.Nb4 Kd6 54.Ke3 Kd7
55.d5 exd5 56.Nxd5 Ke6 57.Ke4 1-0

[Event "26th EUR-ch"]
[Site "Katowice POL"]
[Date "2026.04.19"]
[Round "11.106"]
[White "Palczert, Matyas"]
[Black "Lymar, Vladislav"]
[Result "1/2-1/2"]
[WhiteElo "2457"]
[BlackElo "2289"]
[EventDate "2026.04.07"]
[PlyCount "119"]

1.Nf3 Nf6 2.c4 e6 3.g3 d5 4.Bg2 d4 5.O-O Nc6 6.d3 Bc5 7.Nbd2 a5 8.Nb3 Be7 
9.e3 e5 10.exd4 exd4 11.Re1 O-O 12.Bg5 h6 13.Bxf6 Bxf6 14.Nfd2 Re8 15.
Rxe8+ Qxe8 16.Qe1 Qf8 17.Bxc6 bxc6 18.Ne4 Be7 19.Nxd4 Bd7 20.Nf3 Bb4 21.
Qe3 f5 22.Nc3 Re8 23.Qd2 f4 24.Qxf4 Qxf4 25.gxf4 Bxc3 26.bxc3 Re2 27.Kf1 
Rc2 28.a4 Bf5 29.Ne5 Rxc3 30.Ke2 Rb3 31.Ra2 c5 32.Kd2 h5 33.Kc2 Rb4 34.Kc3
Kh7 35.h4 Rb1 36.Nc6 Rd1 37.Rd2 Ra1 38.Nxa5 Rxa4 39.Nb3 Ra6 40.Re2 Bg4 41.
Re7 Rf6 42.Nxc5 Rxf4 43.Rxc7 Bf5 44.Nb3 Rf3 45.Rc5 Rxd3+ 46.Kb4 Bg4 47.Rd5
Rf3 48.c5 Rxf2 49.c6 Rf5 50.Rd4 g5 51.hxg5 Kg6 52.Nc5 Rf8 53.Nd7 Rc8 54.
Kb5 Kxg5 55.Rd5+ Kf4 56.Nf6 Be2+ 57.Kb6 Rxc6+ 58.Kxc6 Bf3 59.Nxh5+ Ke3 60.
Kc5 1/2-1/2

[Event "26th EUR-ch"]
[Site "Katowice POL"]
[Date "2026.04.19"]
[Round "11.107"]
[White "Ljepic, Andrej"]
[Black "Ilko-Toth, Andras"]
[Result "1-0"]
[WhiteElo "2446"]
[BlackElo "2283"]
[EventDate "2026.04.07"]
[PlyCount "161"]

1.e4 c6 2.d4 d5 3.e5 c5 4.dxc5 e6 5.Nf3 Bxc5 6.Bd3 f6 7.O-O Nc6 8.Qe2 fxe5
9.Nxe5 Nxe5 10.Qxe5 Nf6 11.Bf4 O-O 12.Bg3 Qb6 13.Nd2 Bd4 14.Qe2 e5 15.Bxe5
Re8 16.Bxd4 Qxd4 17.Nf3 Qxb2 18.Qd2 Bg4 19.Rfb1 Qa3 20.Nd4 b6 21.Qb4 Qxb4 
22.Rxb4 Bh5 23.f3 Rac8 24.a4 Rc5 25.a5 bxa5 26.Rb5 Rxb5 27.Bxb5 Re7 28.
Rxa5 Bg6 29.Bc6 Rc7 30.g4 h6 31.h4 Kh8 32.c3 Bd3 33.g5 hxg5 34.hxg5 Nh5 
35.Rxd5 Nf4 36.Re5 Ne2+ 37.Nxe2 Rxc6 38.Nf4 Bc2 39.Kf2 Rxc3 40.g6 Rc8 41.
Kg3 Ra8 42.Ra5 a6 43.Kg4 Bb3 44.Nh5 Bc2 45.Kg5 Bb3 46.Rc5 Bd1 47.Rc7 Rg8 
48.Nf4 Bb3 49.Ra7 Bc4 50.Ng2 Re8 51.Nh4 Bd3 52.f4 Rf8 53.f5 Kg8 54.Rd7 Be4
55.Kf4 Bc2 56.Ra7 Bd3 57.Kg5 Rf6 58.Rd7 Bc2 59.Rc7 Be4 60.Rc4 Bc6 61.Rc5 
Kf8 62.Nf3 Bd7 63.Nd4 Rd6 64.Ne2 Rf6 65.Nf4 Rxf5+ 66.Rxf5+ Bxf5 67.Kxf5 a5
68.Ne6+ Kg8 69.Ke4 a4 70.Kd3 a3 71.Kc3 a2 72.Kb2 Kh8 73.Kxa2 Kg8 74.Kb3 
Kh8 75.Kc4 Kg8 76.Kd5 Kh8 77.Ke5 Kg8 78.Kf5 Kh8 79.Nf8 Kg8 80.Nh7 Kh8 81.
Nf6 1-0

[Event "26th EUR-ch"]
[Site "Katowice POL"]
[Date "2026.04.19"]
[Round "11.108"]
[White "Liskiewicz, Jakub"]
[Black "Akhvlediani, Irakli"]
[Result "1/2-1/2"]
[WhiteElo "2280"]
[BlackElo "2429"]
[EventDate "2026.04.07"]
[PlyCount "82"]

1.d4 g6 2.c4 Bg7 3.e4 c5 4.d5 d6 5.Nc3 Bxc3+ 6.bxc3 e5 7.f4 Qf6 8.fxe5 
Qh4+ 9.Kd2 Qxe4 10.Nf3 Bf5 11.Qa4+ Nd7 12.e6 fxe6 13.dxe6 Qxe6 14.Bd3 
O-O-O 15.Qxa7 Bxd3 16.Kxd3 Ngf6 17.Kc2 Qxc4 18.Nd2 Qd5 19.Rb1 Kc7 20.Qa5+ 
Kb8 21.Rf1 Ng4 22.Rf3 Nde5 23.Rg3 Rd7 24.Qa4 Qe6 25.c4 Qf5+ 26.Kb2 b5 27.
Qa6 b4 28.a3 Nd3+ 29.Ka2 Nxc1+ 30.Rxc1 Ne5 31.Qb6+ Ka8 32.Qa6+ Kb8 33.Qb6+
Ka8 34.Qa6+ Ra7 35.Qxd6 Rd7 36.Qa6+ Ra7 37.Qd6 Qd7 38.Qxd7 Nxd7 39.Re1 Rf8
40.Rd3 bxa3 41.Re2 Kb8 1/2-1/2

[Event "26th EUR-ch"]
[Site "Katowice POL"]
[Date "2026.04.19"]
[Round "11.109"]
[White "Besou, Hussain"]
[Black "Velikic, Adela"]
[Result "1/2-1/2"]
[WhiteElo "2427"]
[BlackElo "2278"]
[EventDate "2026.04.07"]
[PlyCount "72"]

1.e4 c6 2.d4 d5 3.e5 Bf5 4.Bd3 Bxd3 5.Qxd3 e6 6.Ne2 Ne7 7.O-O Nd7 8.Nd2 a5
9.f4 Qb6 10.Nf3 Qa6 11.Qd1 c5 12.Be3 Rc8 13.g4 h5 14.h3 hxg4 15.hxg4 Nc6 
16.c3 cxd4 17.cxd4 Nb6 18.b3 Nb4 19.Rc1 Rxc1 20.Nxc1 a4 21.f5 exf5 22.gxf5
axb3 23.axb3 Nc8 24.Bd2 Ne7 25.Nh2 Nec6 26.Bxb4 Bxb4 27.Ne2 Rh4 28.Rf4 
Rxf4 29.Nxf4 Bc3 30.Nf3 Qa1 31.Qxa1 Bxa1 32.Ne2 Ne7 33.Ng3 Nc6 34.Ne2 Ne7 
35.Ng3 Nc6 36.Ne2 Ne7 1/2-1/2